[Event "Maastricht Limburg op-B 7th"]
[Site "Maastricht"]
[Date "2013.05.20"]
[Round "6"]
[White "De Schepper, Marcel"]
[Black "Vaneylen, Urbain"]
[Result "1/2-1/2"]
[WhiteElo "1728"]
[BlackElo "1696"]
[PlyCount "108"]
[EventDate "2013.05.17"]
[EventType "swiss"]
[EventRounds "7"]
[EventCountry "NED"]
[SourceTitle "EXT 2014"]
[Source "ChessBase"]
[SourceDate "2013.11.20"]
[SourceVersion "1"]
[SourceVersionDate "2013.11.20"]
[SourceQuality "1"]

1. d4 d5 2. c4 e6 3. Nc3 c6 4. e3 f5 5. Nf3 Nf6 6. Bd3 Bd6 7. a3 0-0 8. cxd5 exd5 9. 0-0 Nbd7 10. b4 Ne4 11. Qc2 Ndf6 12. h3 Nxc3 13. Qxc3 Ne4 14. Qc2 Bd7 15. Ne5 Be6 16. b5 c5 17. Bxe4 fxe4 18. f3 Rc8 19. Qa4 exf3 20. Nxf3 Bd7 21. Qb3 c4 22. Qb2 b6 23. a4 Qe8 24. Qc3 Qh5 25. Ba3 Bxa3 26. Qxa3 Bxh3 27. Qa2 Bg4 28. Ne5 Be2 29. Rxf8+ Rxf8 30. Re1 Bg4 31. a5 Qf5 32. Qd2 bxa5 33. Nxg4 Qxg4 34. Qxa5 Qf5 35. Qd2 Qd7 36. Rb1 Rb8 37. Qa5 Rb6 38. Ra1 Qxb5 39. Qxa7 Qb3 40. Qa8+ Rb8 41. Qxd5+ Kh8 42. Qe4 Qb2 43. Ra7 Qb1+ 44. Qxb1 Rxb1+ 45. Kf2 Kg8 46. Rc7 Rb2+ 47. Kf3 Rc2 48. e4 c3 49. g3 Rc1 50. Ke3 Rg1 51. Kf2 Rc1 52. d5 c2 53. d6 Rd1 54. Rxc2 Rxd6 1/2-1/2

[Event "Maastricht Limburg op-B 7th"]
[Site "Maastricht"]
[Date "2013.05.18"]
[Round "2"]
[White "Vaneylen, Urbain"]
[Black "Gruschinski, Marc"]
[Result "1/2-1/2"]
[WhiteElo "1696"]
[BlackElo "1684"]
[PlyCount "57"]
[EventDate "2013.05.17"]
[EventType "swiss"]
[EventRounds "7"]
[EventCountry "NED"]
[SourceTitle "EXT 2014"]
[Source "ChessBase"]
[SourceDate "2013.11.20"]
[SourceVersion "1"]
[SourceVersionDate "2013.11.20"]
[SourceQuality "1"]

1. f4 d5 2. Nf3 Nf6 3. e3 c5 4. d3 Nc6 5. Be2 Qc7 6. 0-0 e5 7. fxe5 Nxe5 8. Nxe5 Qxe5 9. d4 Qc7 10. Nd2 Bd6 11. Nf3 0-0 12. Qe1 Re8 13. Qh4 Re4 14. Qe1 c4 15. Ne5 Bxe5 16. dxe5 Rxe5 17. Bd2 Ne4 18. Rd1 Qe7 19. Bc1 Qg5 20. Bf3 Bg4 21. Bxg4 Qxg4 22. Rd4 Rae8 23. Rf3 Qg6 24. Qd1 Rg5 25. g3 Ree5 26. Rxc4 h5 27. Rc8+ Kh7 28. Rc7 h4 29. Rfxf7 1/2-1/2

[Event "Maastricht Limburg op-B 6th"]
[Site "Maastricht"]
[Date "2012.05.28"]
[Round "7"]
[White "Johnen, Franz"]
[Black "Vaneylen, Urbain"]
[Result "1-0"]
[WhiteElo "1845"]
[BlackElo "1710"]
[PlyCount "135"]
[EventDate "2012.05.25"]
[EventType "swiss"]
[EventRounds "7"]
[EventCountry "NED"]
[SourceTitle "EXT 2013"]
[Source "ChessBase"]
[SourceDate "2012.11.22"]
[SourceVersion "1"]
[SourceVersionDate "2012.11.22"]
[SourceQuality "1"]

1. c4 e6 2. Nc3 c6 3. d4 d5 4. e3 Nf6 5. Nf3 Be7 6. Be2 Nbd7 7. 0-0 0-0 8. Qc2 dxc4 9. Bxc4 Nd5 10. a3 f5 11. e4 fxe4 12. Qxe4 N7f6 13. Qc2 Nxc3 14. bxc3 Nd5 15. Bd3 Rf5 16. Bxf5 exf5 17. Bd2 Bd6 18. c4 Nf6 19. c5 Bc7 20. Qc4+ Nd5 21. Bg5 Qf8 22. Rfe1 Kh8 23. g3 Bd7 24. Re2 f4 25. Ne5 Bxe5 26. Rxe5 fxg3 27. fxg3 Bh3 28. Qe2 Qf7 29. Re1 h6 30. Bd2 Qg6 31. Re8+ Rxe8 32. Qxe8+ Kh7 33. Qxg6+ Kxg6 34. Kf2 Kf7 35. Kf3 h5 36. Rb1 Bc8 37. Kg2 Nc7 38. a4 Nd5 39. Rf1+ Ke8 40. a5 a6 41. h3 Nf6 42. Bg5 Kf7 43. Rf4 Kg6 44. Bxf6 gxf6 45. Re4 Kf7 46. g4 Be6 47. Kg3 hxg4 48. hxg4 f5 49. Rf4 Kg6 50. gxf5+ Bxf5 51. Kh4 Kf6 52. Kh5 Ke6 53. Kg5 Bd3 54. Rf6+ Kd5 55. Rd6+ Kc4 56. Rd7 Be4 57. Kf4 Bd5 58. Ke5 Kb4 59. Rxb7+ Kxa5 60. Kd6 Be4 61. Rb6 Bd5 62. Kc7 Be4 63. Kb7 Bd5 64. Rxa6+ Kb5 65. Rb6+ Kc4 66. Kc7 Kxd4 67. Kd6 Kc4 68. Rxc6 1-0

[Event "Maastricht Limburg op-B 6th"]
[Site "Maastricht"]
[Date "2012.05.25"]
[Round "1"]
[White "Ramaekers, Philippe1111"]
[Black "Vaneylen, Urbain"]
[Result "1-0"]
[WhiteElo "1896"]
[BlackElo "1710"]
[PlyCount "105"]
[EventDate "2012.05.25"]
[EventType "swiss"]
[EventRounds "7"]
[EventCountry "NED"]
[SourceTitle "EXT 2013"]
[Source "ChessBase"]
[SourceDate "2012.11.22"]
[SourceVersion "1"]
[SourceVersionDate "2012.11.22"]
[SourceQuality "1"]

1. e4 e6 2. d4 d5 3. e5 c5 4. c3 Nc6 5. Nf3 Bd7 6. Be2 cxd4 7. cxd4 Qb6 8. 0-0 Nge7 9. Na3 Nf5 10. Nc2 Be7 11. a3 0-0 12. b4 Rac8 13. Bd3 Qc7 14. g4 Nh4 15. Nxh4 Bxh4 16. g5 Ne7 17. Qh5 Ng6 18. Bd2 Be8 19. Ne1 f6 20. Bxg6 Bxf2+ 21. Rxf2 Bxg6 22. Qe2 fxg5 23. Rc1 Qe7 24. Rxf8+ Rxf8 25. Nd3 Be4 26. Nf2 Bf3 27. Qe3 g4 28. Nd3 Qh4 29. Qf2 Qh5 30. Qg3 Qf5 31. Nf4 Qf7 32. h4 Qf5 33. Rc7 h6 34. Rc1 Qf7 35. h5 Qe8 36. Rc7 Rf7 37. Rxf7 Qxf7 38. Ng6 Be2 39. Qf2 Qxf2+ 40. Kxf2 Bd1 41. Kg3 Kf7 42. b5 a6 43. b6 Ke8 44. Bb4 Kf7 45. Bd6 Bc2 46. Ne7 g6 47. Kxg4 Bd1+ 48. Kg3 Bxh5 49. Bc5 Bd1 50. Nc8 Ba4 51. Nd6+ Ke7 52. Nxb7+ Kd7 53. Nd6 1-0

[Event "Vlaams-ch"]
[Site "Bilzen"]
[Date "2004.05.29"]
[Round "5"]
[White "Artels, Lieven"]
[Black "Vaneylen, Urbain"]
[Result "1-0"]
[WhiteElo "1846"]
[BlackElo "1670"]
[PlyCount "45"]
[EventDate "2004.05.20"]
[EventType "swiss"]
[EventRounds "7"]
[EventCountry "BEL"]
[SourceTitle "EXT 2006"]
[Source "ChessBase"]
[SourceDate "2005.11.24"]
[SourceVersion "1"]
[SourceVersionDate "2005.11.24"]
[SourceQuality "1"]

1. e4 e6 2. d4 d5 3. exd5 exd5 4. c4 Nf6 5. Nc3 Bb4 6. Bd3 0-0 7. Nge2 Bg4 8. 0-0 c6 9. Bg5 dxc4 10. Bxc4 Qd6 11. Qc2 Nbd7 12. Bd3 Rfe8 13. Rad1 Rac8 14. h3 Bh5 15. Rfe1 Bxc3 16. bxc3 Qd5 17. Bxf6 Nxf6 18. Rb1 Bxe2 19. Rxe2 c5 20. Rxe8+ Rxe8 21. dxc5 Rd8 22. Rd1 Kh8 23. Be2 1-0

[Event "Vlaams-ch"]
[Site "Bilzen"]
[Date "2004.05.23"]
[Round "4"]
[White "Vaneylen, Urbain"]
[Black "Schuermans, Robert"]
[Result "0-1"]
[WhiteElo "2232"]
[BlackElo "1670"]
[PlyCount "37"]
[EventDate "2004.05.20"]
[EventType "swiss"]
[EventRounds "7"]
[EventCountry "BEL"]
[SourceTitle "EXT 2006"]
[Source "ChessBase"]
[SourceDate "2005.11.24"]
[SourceVersion "1"]
[SourceVersionDate "2005.11.24"]
[SourceQuality "1"]

1. d4 Nf6 2. c4 c5 3. dxc5 e5 4. Nc3 Bxc5 5. e3 0-0 6. Bd3 Nc6 7. Nge2 Ne7 8. 0-0 d5 9. cxd5 Nexd5 10. a3 Bg4 11. Qc2 Rc8 12. Rd1 Nxc3 13. Bxh7+ Nxh7 14. Rxd8 Nxe2+ 15. Kf1 Rfxd8 16. Qb3 Rd1+ 17. Qxd1 Ng3+ 18. Ke1 Bxd1 19. Kxd1 0-1